Biblioteca

Cucarachita Martínez (Registro nro. 68252)

Detalles MARC
000 -LÍDER
Campo fijo de descripción fija 00624nam a2200205 i 4500
001 - NÚMERO DE CONTROL
Campo de control BINCO
003 - IDENTIFICADOR DEL NÚMERO DE CONTROL
Campo de control CO-MdBIC
005 - FECHA Y HORA DE LA ULTIMA TRANSACCIÓN
control field 20221004163822.0
008 - ELEMENTOS DE LONGITUD FIJA -- INFORMACIÓN GENERAL
Campo fijo de descripción fija -- Información general 220921t2020 spaa|||| |||| 00| 0 spa d
020 ## - NÚMERO INTERNACIONAL NORMALIZADO PARA LIBROS
Número Internacional Normalizado del libro 9789589905067
040 ## - FUENTE DE CATALOGACIÓN
Agencia de catalogación original 22
Idioma de catalogación spa.
Agencia que realiza la transcripción CO-MdBIC
Agencia que realiza la modificación CO-MdBIC
082 ## - NÚMERO DE CLASIFICACIÓN DECIMAL DEWEY
Número de la edición del Dewey 22
Número de clasificación 863
Clave de autor-Numero de item V436
100 ## - ASIENTO PRINCIPAL--NOMBRE PERSONAL
Nombre personal Vélez de Piedrahita, Rocío
Fechas asociadas con el nombre 1926-2019
245 ## - TÍTULO
Título del Material Cucarachita Martínez
Parte restante del título - Subtitulo Vélez de Piedrahita, Rocío
264 ## - PRODUCCIÓN, PUBLICACIÓN, DISTRIBUCIÓN, MANUFACTURA, Y COPYRIGHT
Lugar de producción, publicación, distribución, manufactura Medellín:
Nombre del productor, publicador, distribuidor CONFIAR Cooperativa Financiera
Fecha de producción, publicación, distribución, manufactura, o copyright ©2020
300 ## - DESCRIPCIÓN FÍSICA
Extensión 15 páginas :
Otros detalles físicos Ilustraciones a color ;
Dimensiones 10,5cm.
490 ## - MENCIÓN DE SERIE
Mención de serie Confiar en la cultura
650 ## - ASIENTO SECUNDARIO DE MATERIA - TERMINO TEMÁTICO
Subdivisión general Animales
942 ## - TIPO DE MATERIAL (KOHA)
Tipo de Item KOHA Z- Libro General BINCO
Existencias
Estado de Material Estado de Perdido Forma de Clasificación Estado de Dañado No para Préstamo Colección Biblioteca de Origen Biblioteca Permanente Fecha de Adquisición Área Total de Préstamos Signatura Topográfica Código de Barras Última vez visto Fecha de Remplazo Tipo de Material
    Dewey Decimal Classification     Colección General Biblioteca Infantil Comunitaria BINCO Biblioteca Infantil Comunitaria BINCO 04/10/2022 BINCO   863 V436 B32169 04/10/2022 04/10/2022 Z- Libro General BINCO

Biblioteca FUSBC | Teléfono: (57+4) 349 88 10 Ext. 141| WhatsApp (+57) 3005338115 
E-mail: biblioteca@unisbc.edu.co | Calle 76 87-14 Robledo Palenque, Medellín, Colombia

Con tecnología Koha